| 000 | 01117nam a22003017a 4500 | ||
|---|---|---|---|
| 003 | CHAP | ||
| 005 | 20220817041818.0 | ||
| 008 | 971013s1909 r 00010 d | ||
| 010 | _a25317 | ||
| 011 | _a26289 | ||
| 035 | _a30390 | ||
| 040 | _cCHAP | ||
| 082 |
_a333.16 _bC6 |
||
| 110 |
_aCompañía Agrícola, Industrial, Colonizadora, Limitada del Tlahualilo, S. A. _926067 |
||
| 245 |
_aJuicio entablado ante la 3a. Sala de la Suprema Corte de Justicia de la Nación contra el Gobierno Federal de la República Mexicana _b: Demanda, contestación y contrademanda. Réplica |
||
| 260 |
_aMéxico : _bTipografía y Litrografía de Muller Hnos., _c1909 |
||
| 300 | _a310 p. | ||
| 590 |
_aBATCH-UPD _b10 _c20130110 _lUCH01 _h1317 |
||
| 590 |
_aBATCH-UPD _b10 _c20130410 _lUCH01 _h0828 |
||
| 590 |
_aBATCH-UPD _b10 _c20130914 _lUCH01 _h2133 |
||
| 590 |
_aCONVERSION _b10 _c20130109 _lUCH01 _h1315 |
||
| 650 | 1 | 4 |
_aAgricultura _xAspectos económicos. |
| 650 | 1 | 4 |
_aAgua _xAbastecimiento. _92223 |
| 650 | 1 | 4 |
_aAgua _xLeyes. _92378 |
| 901 | _aBK | ||
| 942 | _cLIBRO | ||
| 949 |
_a333.16 C6 _bBC _cLIBRO _d-70532 _eLIBRO _i30390 _si |
||
| 999 |
_c25317 _d25317 |
||